000 00483nam a2200181Ia 4500
005 20250423100524.0
008 250422s9999 xx 000 0 und d
020 _a0-13-146557-0
050 _aQC 31 .B69/
100 _aBoyle, Joseph
245 0 _aPhysics ;student study guide with selected solutions
250 _a6th ed.
260 _aLondon
260 _bPrentice Hall Int'national
260 _c2005
650 _aStudent Study Guide With Selected Solution
942 _cBK
999 _c33561
_d33561